1007 1960 1406 1508 1634 1843 1880 1651 1891 1314 1155 1036 1470 1596 1255 1738 1757 1221 1751 1351 1412 1223 1228 1017 1664 1880 1465 1899 1874 1181 1568 1391 1617 1488 1342 1752 1032 1045 1848 1379 1395 1330 1174 1795 1724 1177 1896 1615 1180 1881 1942 1276 1606 1234 1385 1966 1872 1639 1525 1094 1411 1539 1840 1820 1257 1542 1331 1172 1140 1392 1019 1304 1654 1938 1378 1427 1302 1094 1119 1161 1614 1575 1522 1883 1154 1186 1632 1065 1434 1464 1033 1600 1857 1478 1609 1353 1343 1167 1676 BCNSPRNW ULIB Ver.6.0+V

เปลี่ยนเป็นภาษาไทย

Change to English
 แสดงรายละเอียดบรรณานุกรม
  กลับหน้าหลัก

Brief Record : Get Marc (ISO 2709) : E-mail record : QR code < ปิดหน้าต่าง
LEADER : 00000nam 2200000uu 4500
001    13399111703
003     ULIB
008    110706s2548||||th 000 0 tha d
020    9749323122
050  4 BQ7210^bส187ม 2548
100 0  สนอง วรอุไร
245 10 มาดสดใสด้วยใจเกินร้อย /^cสนอง วรอุไร
260    กรุงเทพฯ :^bกลุ่มกัลยาณธรรม, ^c2548
300    120 หน้า :^bภาพประกอบ ;^c18 ซม.
650  4 การดำเนินชีวิต^xแง่ศาสนา^xพุทธศาสนา
650  4 ธรรมะกับชีวิตประจำวัน
650  4 พุทธศาสนากับชีวิตประจำวัน
945    ^p0^l0^i020926
995    ทศพร
999 ^a ใช้งานได้ทุกระบบ
รายการนี้ยังไม่มีแท็ก
คุณยังไม่ได้ล็อกอิน คุณสามารถมีกิจกรรมร่วมกับเว็บไซต์ได้ แต่ต้องล็อกอินก่อน ::
  ล็อกอิน

รายการสื่อสารสนเทศ

ลำดับที่ ประเภท เลขเรียก/บาร์โค้ด สถานที่ สถานะ
- ไม่พบข้อมูล -

รายการใกล้เคียง
    ผู้แต่ง [สนอง วรอุไร]

    หัวเรื่อง [ธรรมะกับชีวิตประจำวัน]
    หัวเรื่อง [พุทธศาสนากับชีวิตประจำวัน]

BibComment


ยังไม่เคยถูกคอมเมนท์

คอมเมนท์ทรัพยากรรายการนี้
  คอมเมนท์: มาดสดใสด้วยใจเกิน..


 Copyright 2026. Bcnsprnw @Library